Aspectos científicos, socioculturales, económicos y comerciales del Crocodylus acutus, con énfasis en la población de la bahía Cispatá (Registro nro. 7129)

Detalles MARC
000 -CABECERA
Campo de control 00736nam a2200229 a 4500
005 - FECHA Y HORA DE LA ULTIMA TRANSACCION
Campo de control 20200603123648.0
008 - ELEMENTOS DE LONGITUD FIJA—INFORMACION GENERAL
Campo de control 140217b2006 ck ||||| |||| 00| 0 spa d
040 ## - FUENTE DE CATALOGACIÓN
Agencia catalogadora original CO-BoIAVH
Agencia transcriptora CO-BoIAVH
041 ## - IDIOMA
Código de idioma para texto/pista de sonido o título separado Español
044 ## - PAÍS DE PUBLICACIÓN
País de publicación Colombia
082 ## - NUMERO DE CLASIFICACION DECIMAL DEWEY
Número de clasificación 567.9861
090 ## - CLASIFICACIÓN LOCAL
Colección IAVH
Consecutivo 01383
100 ## - ASIENTO PRINCIPAL--NOMBRE PERSONAL
Nombre personal Ulloa Delgado, Giovanni Andrés
245 ## - MENCION DE TITULO
Título Aspectos científicos, socioculturales, económicos y comerciales del Crocodylus acutus, con énfasis en la población de la bahía Cispatá
Parte restante del título Documento síntesis (2)
260 ## - PUBLICACION, DISTRIBUCION, ETC. (PIE DE IMPRENTA)
Lugar de publicación, distribución, etc. Bogotá
Nombre del editor, distribuidor, etc. IAvH
Fecha de publicación, distribución, etc. 2006
300 ## - DESCRIPCION FISICA
Extensión 52 p.
650 ## - ASIENTO SECUNDARIO DE MATERIA - TERMINO TEMATICO
Término temático o nombre geográfico como elemento de entrada Cocodrilos
650 ## - ASIENTO SECUNDARIO DE MATERIA - TERMINO TEMATICO
Término temático o nombre geográfico como elemento de entrada Taxonomía
650 ## - ASIENTO SECUNDARIO DE MATERIA - TERMINO TEMATICO
Término temático o nombre geográfico como elemento de entrada Hábitat animal
650 ## - ASIENTO SECUNDARIO DE MATERIA - TERMINO TEMATICO
Término temático o nombre geográfico como elemento de entrada Tráfico de especies
942 ## - ELEMENTOS ADICIONALES (KOHA)
Tipo de ítem Libro
Sistema de clasificación Local
Existencias
Withdrawn status Lost status Sistema de Clasificación Damaged status No para préstamo Colección Ubicación Permanente Ubicación actual Fecha de adquisición Total Checkouts Número topográfico Inventario / Código de Barras Date last seen Ejemplar Price effective from Tipo de material
    Local     Humboldt Bogotá Bogotá 05/10/2009   IAVH-01383 027521 04/12/2012 Ej. 1 04/12/2012 Libro